[Event "SapporoAutumn2018"]
[Site "?"]
[Date "2018.10.07"]
[Round "2.2"]
[White "BRINKMANN, Leonard"]
[Black "YOSHII, Yukihiko"]
[Result "1-0"]
[WhiteElo "1762"]
[BlackElo "1820"]
[Annotator "Fritz 15 (30s)"]
[PlyCount "53"]
[SourceVersionDate "2018.10.07"]

{[%mdl 8192] C41: Philidor Defence} 1. e4 e5 2. Nf3 d6 3. Bc4 Bg4 4. h3 (4. c3
c6 5. d4 Qc7 6. Be3 Nf6 7. Nbd2 Be7 8. Bb3 Nbd7 9. O-O O-O 10. Qc2 c5 11. dxe5
Nxe5 12. Nxe5 dxe5 13. a4 Rad8 14. Bc4 h6 15. f3 Bd7 16. Rfd1 a6 17. a5 Bb5 18.
Bxb5 axb5 {Wolff,P (2545)-Rohde,M (2550) Los Angeles 1991 1-0 (49)}) 4... Bxf3
$146 {Black forks: d1, g2+e4} (4... Be6 5. Bxe6 (5. Bb3 Nf6 6. Nc3 Nc6 7. d4
Bxb3 8. axb3 Be7 9. Be3 a6 10. d5 Nb8 11. b4 Nbd7 12. Qd3 O-O 13. g4 Nb6 14. g5
Nh5 15. Ne2 g6 16. h4 Nd7 17. Rg1 c6 18. dxc6 bxc6 19. Rxa6 d5 {Zetocha,C 
(2350)-Husek,Z (2260) Hungary 1999 0-1 (34)}) 5... fxe6 6. O-O Nf6 7. c3 Nc6 8.
Re1 Be7 9. d4 exd4 10. cxd4 O-O 11. Nc3 Qd7 12. Be3 a6 13. Rc1 Rae8 14. d5 Nd8
15. dxe6 Nxe6 16. Nd5 Nxd5 17. exd5 Nf4 18. Bxf4 Rxf4 19. Nd4 {Kakuk,S (2210)
-Klemanic,E (2325) Budapest 1997 1-0 (51)}) (4... Bh5 5. d3 Nf6 (5... Nc6 6.
Nbd2 Na5 7. Bb5+ c6 8. Ba4 b5 9. Bb3 Be7 10. Nf1 Bg6 11. Ng3 h5 12. h4 Qd7 13.
Qe2 Nf6 14. Bg5 Ng4 15. Bxe7 Qxe7 16. Qd2 Nb7 17. O-O Nc5 18. Rfe1 O-O 19. d4
exd4 20. Qxd4 {Schaefer,M (2400)-Meijers,V (2370) Muenster 1991 0-1 (41)}) 6.
Nbd2 c6 7. Qe2 Nbd7 8. Nf1 Bxf3 9. Qxf3 Nc5 10. Be3 Ne6 11. c3 Be7 12. Bb3 a5
13. Ng3 a4 14. Bc2 g6 15. O-O O-O 16. d4 Nd7 17. Rad1 Qc7 18. b3 b5 19. Ne2 {
Pourramezanali,A (2357)-Bayramov,V (2210) Baku 2012 1-0 (38)}) 5. Qxf3 {
White has a mate threat} Nf6 (5... Qd7 6. O-O $14) 6. d3 (6. Qb3 $142 $5 d5 7.
Qxb7 $16) 6... Be7 $14 7. Nc3 c6 {Covers b5} 8. a4 a5 9. Bd2 Nbd7 10. g4 h6 {
Covers g5} (10... Nb6 11. Ba2 O-O 12. g5 $14) 11. O-O-O Qc7 (11... Nb6 $142 $5
$16) 12. h4 $18 {[%cal Yg4g5] White intends g5} O-O-O 13. g5 hxg5 (13... Ne8
$142 $18) 14. hxg5 Nh7 (14... Nc5 15. Rxh8 Rxh8 16. gxf6 Bxf6 17. Rh1 $18) 15.
Qf5 g6 (15... Nxg5 {cannot change what is in store for White} 16. Bxg5 g6 17.
Qg4 $18) 16. Qxf7 Nxg5 (16... Bxg5 {does not solve anything} 17. Rxh7 Rxh7 18.
Qxh7 Bxd2+ 19. Rxd2 $18) 17. Qxe7 Nf3 18. Rxh8 Rxh8 19. Be6 Rd8 (19... Nxd2 {
does not save the day} 20. Rxd2 Rd8 21. d4 $18) 20. Bg5 (20. Rh1 $142 $18 {
secures victory}) 20... Nxg5 21. Qxg5 Kb8 22. Bxd7 Rxd7 23. Qxg6 Qb6 (23... Rg7
{is not much help} 24. Qe8+ Ka7 25. d4 $18) 24. Qf6 Ka7 (24... Qd8 {doesn't
change anything anymore} 25. Qxd8+ Rxd8 26. Kd2 $18) 25. d4 exd4 26. Qxd4 c5 (
26... Qxd4 {the only chance to get some counterplay} 27. Rxd4 Kb6 $18) 27. Qc4
(27. Qc4 Qc6 28. Nb5+ Kb6 29. Qe6 $18) 1-0

[Event "SapporoAutumn2018"]
[Site "?"]
[Date "2018.10.07"]
[Round "2.3"]
[White "DRAKAKIS, Athanasios"]
[Black "WATANABE, Katsumi"]
[Result "1-0"]
[WhiteElo "1816"]
[BlackElo "1705"]
[Annotator "Fritz 15 (30s)"]
[PlyCount "83"]
[SourceVersionDate "2018.10.07"]

{[%mdl 8256] D05: Colle System with ...e6} 1. d4 d5 2. Nf3 Nf6 3. e3 e6 4. Bd3
Be7 5. O-O O-O 6. Ne5 (6. b3 b6 7. Bb2 Bb7 8. Nbd2 Nbd7 9. Qe2 Ne4 10. Rfd1 f5
11. c4 c6 12. Rac1 a5 13. a4 Bb4 14. Nb1 Qe7 15. Ne1 Bd6 16. f4 g5 17. g3 gxf4
18. exf4 Rf6 19. Nf3 Rh6 20. Bxe4 dxe4 {Singer,C (2343)-Radnetter,G (2259)
Austria 2014 1/2-1/2 (49)}) 6... b6 7. f4 Bb7 $146 (7... Ba6 8. b3 Bxd3 9. cxd3
c5 10. Bb2 Nfd7 11. Nf3 Nc6 12. Nbd2 cxd4 13. Nxd4 Nb4 14. N2f3 Nc5 15. Ne5 f6
16. Nec6 Nxc6 17. Nxc6 Qd7 18. Nxe7+ Qxe7 19. Ba3 Qb7 20. d4 Qa6 21. Bxc5 bxc5
22. dxc5 {Vasquez Schroder,R (2543)-Tristan,L (2454) Asuncion 2013 1/2-1/2 (60)
}) 8. Nd2 c5 9. c3 c4 {Black gets more space} 10. Bc2 Nc6 11. Ndf3 Nxe5 12.
Nxe5 Ne4 13. Qg4 f5 14. Qh3 Rf6 15. Bxe4 dxe4 16. g4 {Attacks the pawn chain}
Rh6 {Black threatens to win material: Rh6xh3} 17. Qg2 b5 (17... fxg4 18. Qe2
$15) 18. g5 $11 {This push gains space} Rh5 19. g6 (19. b3 Qe8 $11) 19... Bd6
20. Nf7 {White threatens to win material: Nf7xd8} Qf8 21. Ng5 (21. Nxd6 $5 Qxd6
22. gxh7+ Kf7 23. Rf2 $15) 21... hxg6 $17 22. Nxe6 Qf6 23. Ng5 Re8 24. Bd2 Be7
(24... a5 25. a4 b4 26. cxb4 axb4 27. Qf2 $17) 25. Be1 (25. a4 a6 $15) 25...
Qd6 26. Bg3 Bxg5 (26... Bc6 $5 $17) 27. fxg5 $11 {Opposite coloured bishops
appeared} Qe7 28. h4 Kf7 (28... Bc6 29. Qe2 Qe6 30. Qf2 $11) 29. a3 (29. a4 a6
$14) 29... Reh8 $11 30. Rf4 Bd5 {A comfortable square for the black bishop} 31.
Raf1 Rd8 32. Qe2 Kg8 (32... Rhh8 $142 $5 $11 {would keep Black in the game})
33. Rxf5 $1 $16 {Deflection: h5. .} Rxh4 $4 {strolling merrily down the path
to disaster} (33... gxf5 34. Qxh5 {Overloading Deflection}) 34. Re5 $18 Qxe5 (
34... Qd7 {cannot change destiny} 35. Bxh4 Rf8 36. Rf4 $18) 35. Bxe5 Be6 36.
Rf4 Rh5 37. Qg2 Bf5 (37... Kh7 {does not improve anything} 38. Kf2 Bf5 39. Ke1
$18) 38. Kf2 (38. Rxe4 $142 {seems even better} Bxe4 39. Qxe4 Rxg5+ 40. Kh2 $18
) 38... Kf7 (38... Rf8 $18 {otherwise it's curtains at once}) 39. Ke2 (39. Qxe4
Rh2+ 40. Kf3 Rh3+ 41. Kg2 Rhh8 42. Rxf5+ gxf5 43. Qxf5+ Ke7 44. Bxg7 Rhe8 45.
Be5 Rf8 46. Bf6+ Rxf6 47. gxf6+ Kf7 48. e4 Rg8+ 49. Kf2 Rh8 50. e5 Rh2+ 51. Kf3
Ke8 52. e6 Kd8 53. e7+ Kc7 54. e8=Q Rh3+ 55. Qxh3 a5 56. Qed7+ Kb8 57. Qh8#)
39... Rdh8 (39... Kg8 {a fruitless try to alter the course of the game} 40.
Rxe4 b4 41. Rf4 $18) 40. Rxe4 Bxe4 (40... Kg8 {doesn't get the bull off the ice
} 41. Bf4 Bxe4 42. Qxe4 $18) 41. Qxe4 Kg8 42. Qxg6 (42. Qxg6 Rxg5 43. Qxg5 Rh2+
44. Bxh2 Kf7 45. Be5 g6 46. Qf6+ Ke8 47. Qg7 Kd8 48. Qc7+ Ke8 49. Bd6 g5 50.
Qe7#) 1-0

[Event "SapporoAutumn2018"]
[Site "?"]
[Date "2018.10.07"]
[Round "2.5"]
[White "TAKEUCHI, Hiroshi"]
[Black "SATO, Yasuji"]
[Result "0-1"]
[WhiteElo "1248"]
[BlackElo "1585"]
[Annotator "Fritz 15 (30s)"]
[PlyCount "56"]
[SourceVersionDate "2018.10.07"]

{[%mdl 8192] D07: Queen's Gambit: Chigorin Defence} 1. d4 d5 2. c4 e5 3. e3 Nc6
4. Nc3 (4. dxe5 d4 5. a3 dxe3 6. Qxd8+ Kxd8 7. Bxe3 Nxe5 8. Nc3 Be6 9. O-O-O+
Kc8 10. c5 Nf6 11. h3 a5 12. g4 h5 13. f4 Nc6 14. g5 Nd7 15. Ne4 a4 16. Bd3 Ra5
17. Bd2 Rxc5+ 18. Nxc5 Nxc5 {Nikolic,P (2645)-Piket,J (2570) Monte Carlo 1996
0-1 (60)}) 4... Bb4 5. Bd2 $146 (5. Nf3 Bg4 6. Be2 exd4 7. exd4 dxc4 8. d5
Bxc3+ 9. bxc3 Bxf3 10. gxf3 Ne5 11. Ba3 Ne7 12. Qd4 Qxd5 13. Bxe7 Qe6 14. O-O-O
Qxe7 15. f4 Ng6 16. Qxg7 f6 17. Qh6 Qa3+ 18. Kb1 Qxc3 19. Bxc4 Qxc4 {Williams,
S (2455)-Rogers,J (2307) England 2013 1-0}) 5... Nf6 6. a3 (6. dxe5 Nxe5 7.
Qa4+ Nc6 $14) 6... Bxc3 $11 7. Bxc3 exd4 8. exd4 {White has the pair of
bishops.} O-O {Black castles and improves king safety} 9. Bd3 Re8+ 10. Ne2 Ne7
11. O-O c6 12. Qc2 Ng6 13. Ng3 (13. cxd5 Nxd5 14. Rfe1 Be6 $11) 13... Nf4 14.
f3 {Prevents intrusion on e4+g4} dxc4 15. Bxc4 b5 16. Bb3 N4d5 {A sound move}
17. Rfe1 Be6 18. Bd2 Rc8 19. Ne4 Nxe4 20. fxe4 Nb6 21. Bxe6 Rxe6 22. Bc3 Nc4
23. Qd3 Ne5 {Black threatens to win material: Ne5xd3} 24. Qe2 Ng6 25. e5 {
White has a new backward pawn: d4} Nf4 {Black threatens to win material: Nf4xe2
} 26. Qg4 $4 {White loses the upper hand} (26. Qf3 Nd5 $11) 26... Nd5 $4 {
throwing away the advantage} (26... Nxg2 $142 {would have given Black a clear
advantage} 27. Re2 Rg6 28. Qxg6 hxg6 29. Rxg2 a5 $19) 27. Qe4 Qg5 28. Bd2 $4 (
28. Rad1 $142 $11 {is just about the only chance}) 28... Qxd2 $19 (28... Qxd2
29. Re2 Qf4 $19) 0-1

[Event "SapporoAutumn2018"]
[Site "?"]
[Date "2018.10.07"]
[Round "2.6"]
[White "KOYAHATA, Taku"]
[Black "NAKAMURA, Mitsuru"]
[Result "0-1"]
[WhiteElo "1425"]
[BlackElo "1125"]
[Annotator "Fritz 15 (30s)"]
[PlyCount "46"]
[SourceVersionDate "2018.10.07"]

{[%mdl 8192] D48: Semi-Slav: Meran System: 7...b5 8 Bd3 a6} 1. d4 d5 2. c4 c6
3. e3 Nf6 4. Nf3 e6 5. Bd3 Nbd7 6. Nc3 dxc4 7. Bxc4 b5 8. Bd3 a6 9. O-O Be7
$146 (9... c5 10. dxc5 (10. Ne5 Bb7 11. f4 g6 12. b3 cxd4 13. Nxb5 axb5 14.
Bxb5 Bg7 15. a4 O-O 16. Ba3 Nxe5 17. fxe5 Nd5 18. Qf3 Qb6 19. Bxf8 Rxf8 20.
exd4 Bxe5 21. Rad1 Bxd4+ 22. Rxd4 Qxd4+ 23. Kh1 Ba8 24. Be8 Ne3 {Astasio Lopez,
D (2392)-Korneev,O (2625) Linares 2013 0-1}) (10. a3 Bb7 11. Qe2 Qc7 12. e4
cxd4 13. Nxd4 Bc5 14. Nb3 Ba7 15. Bg5 O-O 16. Rac1 Qe5 17. Be3 Bxe3 18. Qxe3
Ng4 19. Qh3 f5 20. exf5 exf5 21. Rfe1 Qf4 22. Qg3 Qxg3 23. hxg3 Nde5 24. Bf1 f4
{Varlan,H (2163)-Dobre,C (2357) Olanesti 2013 0-1 (61)}) (10. Re1 Bb7 11. a3
Be7 12. b3 O-O 13. Bb2 Qb6 14. Bf1 Rfd8 15. Qe2 Rac8 16. Rad1 cxd4 17. Nxd4
Bxa3 18. Bxa3 Rxc3 19. Bb4 Rcc8 20. Qa2 Re8 21. Ba5 Qc5 22. Qa1 Qg5 23. f4 Qg6
24. Qb2 Nc5 {Adam,W (2200)-La Rota,F (2310) New York 1979 0-1 (45)}) 10... Nxc5
11. Be2 (11. Bc2 Bb7 12. a3 Qc7 13. Qe2 Nce4 14. Bd2 Bd6 15. Nxe4 Nxe4 16. Bxe4
Bxe4 17. Bc3 O-O 18. h3 Qb7 19. Rfd1 Rfd8 20. Ng5 Bg6 21. Nf3 a5 22. Rd2 b4 23.
axb4 axb4 24. Rxa8 Qxa8 25. Be5 Be7 {Tolnai,T (2230)-Szabolcsi,J (2245)
Budapest 1982 1/2-1/2 (46)}) 11... Bb7 12. Qxd8+ Rxd8 13. Rd1 Rxd1+ 14. Nxd1
Bd6 15. b3 Nd5 16. Bb2 f6 17. Nc3 Nxc3 18. Bxc3 Ne4 19. Be1 Ba3 20. Nd4 e5 21.
Nc2 Bb2 22. Rb1 Bc3 23. Bf3 Bxe1 24. Nxe1 {Capablanca,J-Bernstein,O Moscow
1914 1/2-1/2}) (9... c5 10. a4 b4 11. Ne4 $11) 10. e4 $14 {Black has a cramped
position} Qc7 (10... O-O 11. e5 Nd5 12. Qc2 $14) 11. e5 $16 Nd5 12. Ne4 {
White has an active position} (12. Nxd5 cxd5 13. Bg5 Nb6 $16) 12... O-O {
White has a very active position} 13. Kh1 (13. Bg5 Bxg5 14. Nexg5 h6 15. Bh7+
Kh8 $14) 13... f6 {Consolidates g5} (13... c5 14. Nxc5 Nxc5 15. dxc5 Qxc5 16.
Bd2 $11) 14. b3 (14. exf6 N7xf6 15. Qe2 Ng4 $14) 14... fxe5 15. Neg5 Bxg5 16.
Nxg5 {White forks: e6+h7} N5f6 $4 {Black lets it slip away} (16... N7f6 $142 {
would save the game} 17. Ba3 b4 $11) 17. Nxe6 $18 Qd6 18. Nxf8 Kxf8 (18... Nxf8
19. dxe5 Qxe5 20. Ba3 $18) 19. Qc2 (19. dxe5 $142 {keeps an even firmer grip}
Nxe5 20. Bc2 Qxd1 21. Rxd1 Nf7 $18) 19... g6 $4 {terrible, but what else could
Black do to save the game?.} (19... exd4 $142 20. Bxh7 c5 $18) 20. dxe5 $18
Nxe5 21. Rd1 (21. Bf4 {might be the shorter path} Bd7 22. Rad1 Nd5 $18) 21...
Nd5 (21... Neg4 22. g3 Be6 23. Bf4 Bd5+ 24. Kg1 $18) 22. Be4 Ng4 23. Bxd5 $4 {
makes life more difficult} (23. g3 $142 {and White can celebrate victory} Ngf6
24. Bxg6 $18) 23... Qxh2# 0-1

[Event "SapporoAutumn2018"]
[Site "?"]
[Date "2018.10.07"]
[Round "3.1"]
[White "BRINKMANN, Leonard"]
[Black "SUGIMOTO, Koichi"]
[Result "1-0"]
[WhiteElo "1762"]
[BlackElo "1982"]
[Annotator "Fritz 15 (30s)"]
[PlyCount "79"]
[SourceVersionDate "2018.10.07"]

{[%mdl 8192] A03: Bird's Opening with 1...d5} 1. f4 d5 2. Nf3 Nf6 3. e3 c5 4.
Bb5+ Bd7 {Black threatens to win material: Bd7xb5} (4... Nbd7 5. b3 g6 6. Bb2
Bg7 7. O-O O-O 8. Bxd7 Bxd7 9. Qe1 Rc8 10. Qh4 Qb6 11. Ne5 Rfd8 12. d3 Qe6 13.
Nd2 Ng4 14. Ndf3 f6 15. Rae1 Nxe5 16. fxe5 Bc6 17. Rf2 Rf8 18. Ref1 h6 19. Qg3
{Buchy,D (2205)-Relange,E (2420) France 1995 0-1 (37)}) 5. Qe2 $146 (5. Be2 Nc6
6. O-O Qc7 7. d4 Ne4 8. c3 g5 9. Ne5 Nxe5 10. fxe5 f5 11. Bh5+ Kd8 12. Nd2 e6
13. Nxe4 dxe4 14. g4 Be7 15. gxf5 exf5 16. Bf7 Qb6 17. d5 Qh6 18. d6 Bf8 19.
Qd5 Bc6 {Villalba,H (2220)-Moreda,L (2275) Buenos Aires 1997 1-0}) (5. Bxd7+
Nbxd7 6. b3 g6 7. Bb2 Bg7 8. O-O e6 9. Qe2 O-O 10. d3 b5 11. Nbd2 Qb6 12. Kh1
Rac8 13. Rab1 Qc7 14. c4 bxc4 15. dxc4 Ne8 16. Qd3 Nb6 17. Ne5 Nd6 18. Ng4 f6
19. Rbc1 dxc4 {Tereladze,S (2223)-Gvetadze,S (2313) Batumi 2002 1/2-1/2}) 5...
a6 6. Bxd7+ Nbxd7 7. O-O g6 8. b3 Bg7 9. Bb2 O-O 10. a4 Rc8 11. Na3 e6 12. c4
Qe7 13. a5 Ne8 14. Bxg7 Nxg7 15. Qd3 Nf6 16. Qc3 Rfd8 17. Nc2 Nf5 18. Rae1 d4 (
18... Ne4 19. Qd3 $15) 19. exd4 $11 cxd4 20. Qb4 Qxb4 {Black forks: a5+b3} 21.
Nxb4 Rc5 {Black threatens to win material: Rc5xa5} (21... d3 22. g3 $11) 22.
Re5 {White threatens to win material: Re5xc5} Nd7 {Black threatens to win
material: Nd7xe5} 23. Nd3 {White threatens to win material: Nd3xc5} Rcc8 24.
Re4 Nf6 25. Ree1 h5 26. Ng5 Ne7 27. Rc1 Nc6 28. b4 Kg7 29. Rc2 Nh7 30. Ne4 f5
$2 (30... Nf6 $142 {and Black could well hope to play on} 31. Nxf6 Kxf6 $11)
31. Nec5 $18 Kf7 $4 {shortens the misery for Black} (31... Nf8 $142 32. Nxb7
Nxb4 33. Nxb4 Rd7 $18) 32. Nxb7 Rd7 33. Nbc5 (33. Ndc5 {makes it even easier
for White} Rxb7 34. Nxb7 Ke7 $18) 33... Ra7 (33... Nxb4 {doesn't do any good}
34. Ne5+ Kg7 35. Nxe6+ Kg8 $18) 34. Nb3 (34. b5 $142 $5 {might be the shorter
path} Nxa5 35. b6 Re7 $18) 34... Rb8 $2 (34... Nxb4 $142 35. Nxb4 Rb7 $16) 35.
Ne5+ $4 {ruins a very nice position} (35. Rb1 $142 {and White has prevailed}
Rxb4 36. Nxb4 Nxb4 37. Rcc1 $18) 35... Nxe5 $14 36. fxe5 Rxb4 37. Nxd4 Rc7 {
Black threatens to win material: Rc7xc4} 38. d3 {White has a new protected
passed pawn: c4} Ra4 (38... Nf8 39. Nf3 $14) 39. Nb3 (39. Rb1 $5 Rxa5 40. c5
Raxc5 41. Rxc5 Rxc5 42. Rb7+ Kg8 43. Nxe6 Rxe5 44. Rg7+ Kh8 45. Rxg6 $16) 39...
Rb7 $4 (39... Nf8 $142 $14 {the rescuing straw}) 40. Nc5 $18 (40. Nc5 Rab4 41.
Nxb7 Rxb7 42. c5 $18) 1-0